|
|
|
|
| LEADER |
00000nam0a2200000 4500 |
| 001 |
210598 |
| 005 |
20231101225624.0 |
| 010 |
|
|
|a 9785394016530
|
| 035 |
|
|
|a (RuTPU)RU\TPU\book\230016
|
| 035 |
|
|
|a RU\TPU\book\171860
|
| 090 |
|
|
|a 210598
|
| 100 |
|
|
|a 20090423d2012 km y0rusy50 ca
|
| 101 |
0 |
|
|a rus
|
| 102 |
|
|
|a RU
|
| 105 |
|
|
|a y z 000zy
|
| 200 |
1 |
|
|a Подготовка и успешное проведение рекламных кампаний
|f И. В. Есикова
|
| 205 |
|
|
|a 2-е изд.
|
| 210 |
|
|
|a Москва
|c Дашков и К
|d 2012
|
| 215 |
|
|
|a 160 с.
|
| 225 |
1 |
|
|a Стратегия успешного бизнеса
|
| 330 |
|
|
|a В книге рассматриваются история проведения рекламных кампаний, их структура, виды, а также содержится немало полезных советов по продвижению продукции на рынки страны и мира. Для руководителей организаций, начальников рекламных и маркетинговых отделов, занимающихся продвижением компании на фоне жесткой рыночной конкуренции, а также менеджеров по рекламе.
|
| 606 |
1 |
|
|a Реклама
|2 stltpush
|3 (RuTPU)RU\TPU\subj\24860
|9 49135
|
| 610 |
1 |
|
|a рекламные кампании
|
| 610 |
1 |
|
|a вирусный маркетинг
|
| 610 |
1 |
|
|a партизанский маркетинг
|
| 610 |
1 |
|
|a эмбуш-маркетинг
|
| 610 |
1 |
|
|a Интернет-реклама
|
| 610 |
1 |
|
|a экспомаркетинг
|
| 610 |
1 |
|
|a продажи
|
| 610 |
1 |
|
|a спонсоры
|
| 610 |
1 |
|
|a шоу-бизнес
|
| 610 |
1 |
|
|a интернет PR
|
| 610 |
1 |
|
|a life placement
|
| 675 |
|
|
|a 659
|v 3
|
| 700 |
|
1 |
|a Есикова
|b И. В.
|g Ирина Владимировна
|
| 801 |
|
1 |
|a RU
|b 63413507
|c 20120229
|
| 801 |
|
2 |
|a RU
|b 63413507
|c 20120412
|g RCR
|
| 900 |
|
|
|a Технологии проведения рекламных кампаний
|
| 942 |
|
|
|c BK
|
| 959 |
|
|
|a 33/20120227
|d 1
|e 182,00
|f ЧЗГЛ:1
|